000 00496cam a2200181ua 4500
001 938
008 110423n ii |||gr||||Z||||||eng
020 _a81-7003-262-2
040 _cMAIN
082 _a323.630954
245 1 _aEthnicity and polity in South Asia.
250 _a1st. /
_bEdited by Girin Phukan.
260 _aNew Delhi.:
_bSouth Asian publishers.,
_c2002.
300 _a271 p.:
_c21 cm.
653 _aPolitical science.
653 _aEthnicity and polity in south Asia.
942 _cBK
999 _c861
_d861